| 000 | 01280nam0a22002651 4500 | ||
|---|---|---|---|
| 001 | rc\4545764 | ||
| 005 | 20130416183309.9 | ||
| 021 |
_aRU _b[67-34140] |
||
| 035 | _a(NLR Aleph) 008638147 | ||
| 090 |
_a8925247 _c8925247 |
||
| 100 | _a20130416d1967 |||y0rusy50 ca | ||
| 101 | 0 | _arus | |
| 102 | _aRU | ||
| 105 | _ay c ||||| | ||
| 200 | 1 |
_aСамостоятельная работа студентов-заочников над курсом "Современный русский язык" _e(Советы и указания) _eМетод. пособие для студентов-заочников фак. рус. яз. и литературы пед. ин-тов _fГл. упр. высш. и сред. пед. учеб. заведений М-ва просвещения РСФСР. Моск. гос. заоч. пед. ин-т |
|
| 210 |
_aМосква _cПросвещение _d1967 |
||
| 215 |
_a28 с. _d20 |
||
| 320 | _aБиблиогр. в тексте | ||
| 606 |
_aРусский язык _jСамостоятельная работа учащихся-заочников _2psbo |
||
| 700 | 1 |
_aКочетков _bА. К. _gАлексей Кузьмич |
|
| 801 | 0 |
_aRU _bNLR _gpsbo |
|
| 801 | 1 |
_aRU _bELAR _2rusmarc |
|
| 852 |
_aNLR _j67-4/9565 |
||
| 942 | _cBOOK | ||
| 980 | _aNB | ||